000
00233nam a22000857a 4500
008
161017b xxu||||| |||| 00| 0 eng d
100
_9
875
_a
Raut,S.,etal.
245
_a
Art Education: Teachers H.B VII-VIII
260
_a
New Delhi
_b
NCERT
_c
2005
999
_c
3527
_d
3527